00452nam a2200157Ia 45000010006000000050017000060080041000230410008000640820016000721000037000882450116001252600009002413000028002506500008002786540008002861465920260306164930.0260306t2010||||xx |||||||||||||| ||spa|| aESP a515.43bM36 aMedina Daza, Rubén JaviereAUT 0aCálculo integral con aplicación en la descomposición de una imagen usando la transformada Wavelet de Haar c2010 a352 páginas :c24 cm. aGEN aCMA